Normal view
MARC view
Entry Personal Name
001 - CONTROL NUMBER
- control field: 86085
003 - CONTROL NUMBER IDENTIFIER
- control field: dpl
005 - DATE AND TIME OF LATEST TRANSACTION
- control field: 20251215141532.0
008 - FIXED-LENGTH DATA ELEMENTS
- fixed length control field: 251215|| aca||aabn | a|a d
040 ## - CATALOGING SOURCE
- Original cataloging agency: dpl
- Transcribing agency: dpl
100 ## - HEADING--PERSONAL NAME
- Personal name: Akhilesh, S
670 ## - SOURCE DATA FOUND
- Source citation: Work cat.: (dpl)213923: Akhilesh, S., Development and Employment of Women/, 2016
